Normal view
MARC view
Entry Personal Name
001 - CONTROL NUMBER
- control field: 2134
003 - CONTROL NUMBER IDENTIFIER
- control field: OSt
005 - DATE AND TIME OF LATEST TRANSACTION
- control field: 20241023084205.0
008 - FIXED-LENGTH DATA ELEMENTS
- fixed length control field: 241023|| aca||aabn | a|a d
040 ## - CATALOGING SOURCE
- Original cataloging agency: OSt
- Transcribing agency: OSt
100 ## - HEADING--PERSONAL NAME
- Personal name: Gupta, S.K
670 ## - SOURCE DATA FOUND
- Source citation: Work cat.: (OSt)33142: Gupta, S.K., Horticultural crop production, 2023.